Určujúce faktory, priebeh a kultúrne dopady migrácie v USA

Kultúra USA vznikla postupným zmiešavaním kultúr jednotlivých národov, ktoré počas storočí migrovali do Nového Sveta. Najväčší podiel na výslednej kultúre USA mala prvotná migrácia puritánskeho obyvateľstva na územie krajiny. Ani následné migračné vlny černošského, čínskeho, japonského, hispánskeho,...

ver descrição completa

Na minha lista:
Detalhes bibliográficos
Autor principal: Reťkovský, Peter
Formato: Capítulo de Livro
Idioma:eslovaco
Assuntos:
Tags: Adicionar Tag
Sem tags, seja o primeiro a adicionar uma tag!

MARC

LEADER 00000nla$a2200000$$$4500
001 0120506
005 20240502072345.3
041 0 |a slo 
044 |a SK 
245 1 0 |a Určujúce faktory, priebeh a kultúrne dopady migrácie v USA  |c Peter Reťkovský 
520 |a Kultúra USA vznikla postupným zmiešavaním kultúr jednotlivých národov, ktoré počas storočí migrovali do Nového Sveta. Najväčší podiel na výslednej kultúre USA mala prvotná migrácia puritánskeho obyvateľstva na územie krajiny. Ani následné migračné vlny černošského, čínskeho, japonského, hispánskeho, európskeho, juhoázijského, či arabského obyvateľstva neovplyvnili podstatným spôsobom hlboké vrstvy kultúry USA a buď s ňou splynuli alebo v jej rámci vytvorili kultúrne enklávy, ktoré si do súčasnosti zachovávajú svoje kultúrne osobitosti bez väčšej interakcie s majoritnou spoločnosťou. 
610 2 0 |a USA 
610 2 0 |a imigrácia 
610 2 0 |a migrácia 
610 2 0 |a cudzinci 
610 2 0 |a kultúra 
610 2 0 |a menšiny národnostné 
100 1 |a Reťkovský, Peter